10 plus grandes villes de Bretagne en A - Statistiques

Statistiques générales
  • Ce quiz a été pris 38 fois
  • Le résultat moyen est 3 sur 10
Statistiques - réponses
Population Commune % Correct
14 207 56 Auray
88%
6 874 35 Acigné
32%
5 835 56 Arradon
32%
2 271 56 Arzon
32%
3 727 29 Audierne
29%
1 846 56 Arzal
26%
2 101 56 Ambon
18%
4 633 35 Argentré du Plessis
12%
3 955 56 Allaire
9%
1 768 35 Amanlis
6%
Aucun quiz correspondant
Distribution des résultats
% des personnes avec chaque résultat
Percentile par nombre de réponses
Votre historique - résultats
Vous n’avez pas pris ce quiz